=LDR 00000nam 2200000 4500 =001 INLIS000000000034891 =005 20130612140801 =008 ***********************************ind** =035 ##$$0010-061300000034891 =041 ##$$a ind =082 ##$$a F Rom K =090 ##$$a F Rom K, kon b =100 ##$$a Kong, Maryman =245 ##$$a Barbie magic of the Rainbow, Mary Man Kong =260 ##$$a 2009 $b Jakarta =300 ##$$a 15 hlm, Ilus, 21 cm =650 ##$$a Fiksi Kanak-Kanak =850 ##$$a NBPNMAT